| 000 | 00817nam a2200205 i 4500 | ||
|---|---|---|---|
| 001 | 141278 | ||
| 003 | ES-MaACL | ||
| 005 | 20250812081331.0 | ||
| 007 | t| | ||
| 008 | 070920s1906 sp ||||1| spa d | ||
| 100 | 1 |
_aVillar Madrueño, Julio. _9115094 |
|
| 245 | 1 | 0 |
_aAlgunas consideraciones sobre la gangrena de las extremidades inferiores en los arterio-esclerósicos y sobre su tratamiento operatorio sin motivo de once casos clínicos _b: memoria para el doctorado en Medicina / _cJulio Villar Madrueño. |
| 260 |
_aValladolid : _bAndrés Martín, _c1906. |
||
| 300 |
_a77 p. ; _c24 cm. |
||
| 500 | _aPrecede al tít.: Facultad de Medicina... 1905. | ||
| 650 | 1 | 4 |
_aCoagulación sanguínea. _911124 |
| 650 | 1 | 7 |
_aArteriosclerosis _2embne _9144124 |
| 852 |
_aES-MaACL _jT-1211-F-4 |
||
| 999 |
_c141278 _d141278 |
||